MARC details
| 000 -LEADER |
| fixed length control field |
00976cam a2200241 a 4500 |
| 001 - CONTROL NUMBER |
| control field |
2066798 |
| 005 - DATE AND TIME OF LATEST TRANSACTION |
| control field |
20240227030030.0 |
| 008 - FIXED-LENGTH DATA ELEMENTS--GENERAL INFORMATION |
| fixed length control field |
930901s1993 ke b 100 0 eng |
| 020 ## - INTERNATIONAL STANDARD BOOK NUMBER |
| ISBN |
9966410546 |
| 040 ## - CATALOGING SOURCE (பட்டியலாக்க மூலம்) |
| Original cataloging agency |
DLC |
| Transcribing agency |
DLC |
| Modifying agency |
DLC |
| 082 00 - DDC Classification |
| Class No. |
323.334. |
| DDC Edition Number |
20 |
| Item Number - Author Mark |
DEM. |
| 245 00 - TITLE STATEMENT |
| Title |
Democratic change in Africa : |
| Remainder of title |
women's perspective / |
| Statement of responsibility, etc. |
editors, Wanjiku Mukabi-Kabira, Jacqueline Adhiambo-Oduol, Maria Nzomo. |
| 260 ## - PUBLICATION, DISTRIBUTION, ETC. |
| Place of publication, distribution, etc. |
Nairobi, Kenya : |
| Name of publisher, distributor, etc. |
Association of African Women for Research and Development : |
| -- |
ACTS Gender Institute, African Centre for Technology Studies, |
| Date of publication, distribution, etc. |
1993. |
| 300 ## - PHYSICAL DESCRIPTION |
| Extent (e.g. Volumes, Pages etc.) |
viii, 147 p. ; |
| 500 ## - GENERAL NOTE |
| General note |
"Papers ... presented at a seminar held by the Association of African Women for Research and Development ... January 31 to February 1, 1992"--Cover. |
| 650 #0 - SUBJECT ADDED ENTRY--TOPICAL TERM |
| Topical term or geographic name entry element |
Women |
| 650 #0 - SUBJECT ADDED ENTRY--TOPICAL TERM |
| Topical term or geographic name entry element |
Women in development |
| 650 #0 - SUBJECT ADDED ENTRY--TOPICAL TERM |
| Topical term or geographic name entry element |
Women |
| 700 1# - ADDED ENTRY--PERSONAL NAME |
| Personal name |
Kabira, Wanjiku Mukabi. |
| Relator term (Role) |
Editor |
| 700 2# - ADDED ENTRY--PERSONAL NAME |
| Personal name |
Adhiambo-Oduol, Jacqueline. |
| Relator term (Role) |
Editor |
| 700 1# - ADDED ENTRY--PERSONAL NAME |
| Personal name |
Nzomo, Maria. |
| Relator term (Role) |
Editor |
| 942 ## - Koha item type (Biblio) |
| Koha item type |
Books in Stacks (Lending) |